000 01283cam a2200133 4500500
005 20260329023141.0
041 _afre
042 _adc
100 1 0 _aHachet, Amal
_eauthor
245 0 0 _aClinique de l'enfant : Psychothérapie et évaluation
260 _bArmand Colin,
_c2011.
520 _aÀ l’intersection des champs clinique, social et judiciaire, cet ouvrage est consacré à l’approche psychothérapique et à l’évaluation en clinique infantile. Les concepts théoriques fondamentaux en psychologie de l’enfant sont illustrés par des études de cas, dans des contextes cliniques variés : thérapeutique, scolaire et socio-judiciaire. Parallèlement, une réflexion est engagée au sujet de la pertinence de la politique actuelle, dominée par le diktat du « zéro de conduite » et l’obsession de « tout évaluer » : l’enfant, les soins et les soignants. Sur la base d’une riche pratique clinique et analytique auprès d’enfants, cet ouvrage répond aux besoins de ceux qui, dans le cadre de leurs études ou profession, sont confrontés aux troubles infantiles, tout en soulignant les enjeux éthiques liés à cette pratique.
856 4 1 _uhttps://shs.cairn.info/clinique-de-l-enfant--9782200254568?lang=fr&redirect-ssocas=7080
999 _c1925101
_d1925101